Kvantifikácia hodnoty vybraného podniku služieb cestovného ruchu pri zohľadnení protipandemických opatrení Vlády SR diplomová práca

Guardado en:
Detalles Bibliográficos
Autor principal: Toporcerová, Stanislava
Autor Corporativo: Fakulta podnikového manažmentu EU. Katedra podnikovohospodárska
Otros Autores: Kintler, Jakub, 1979-
Formato: Libro
Lenguaje:eslovaco
Publicado: Bratislava 2023
Etiquetas: Agregar Etiqueta
Sin Etiquetas, Sea el primero en etiquetar este registro!

MARC

LEADER 00000nbm a2200000 4500
001 0293597
005 20240219145524.7
041 0 |a slo 
044 |a SK 
245 1 0 |a Kvantifikácia hodnoty vybraného podniku služieb cestovného ruchu pri zohľadnení protipandemických opatrení Vlády SR  |b diplomová práca  |c Stanislava Toporcerová ; školiteľ: Jakub Kintler 
264 1 |a Bratislava  |c 2023 
300 |a 89 s. 
100 1 |a Toporcerová, Stanislava 
700 1 |a Kintler, Jakub, 1979- 
710 2 |a Fakulta podnikového manažmentu EU. Katedra podnikovohospodárska